000 00576nam a2200169Ia 4500
008 090711s9999 xx 000 0 und d
082 _b13587
100 _aरांगणेकर कुमुदिनी
245 _aगोड बंधन
260 _bमहाराष्ट्र ग्रंथ भांडार
_c1955
300 _a176
600 _aरांगणेकर कुमुदिनी
630 _aगोड बंधन
700 _aरांगणेकर कुमुदिनी
730 _aगोड बंधन
942 _cBOOK
999 _c293362
_d293362